Civil society and government
Αποθηκεύτηκε σε:
| Άλλοι συγγραφείς: | , |
|---|---|
| Μορφή: | Βιβλίο |
| Γλώσσα: | English |
| Δημοσίευση: |
Princeton :
Princeton University Press,
2002
|
| Σειρά: | The Ethikon series in comparative ethics
|
| Θέματα: | |
| Ετικέτες: |
Προσθήκη ετικέτας
Δεν υπάρχουν, Καταχωρήστε ετικέτα πρώτοι!
|
MARC
| LEADER | 00000nam a2200000 i 4500 | ||
|---|---|---|---|
| 001 | 1/74664 | ||
| 008 | 080218s2002 eng d | ||
| 020 | |a 0-691-08802-0 | ||
| 035 | |l 10094711 | ||
| 040 | |a GR-MY-UA |b gre |e aacr | ||
| 041 | 0 | |a eng | |
| 082 | 0 | |a 301 |2 (22) | |
| 245 | 1 | 0 | |a Civil society and government / |c edited by Nancy L. Rosenblum and Robert C. Post |
| 260 | |a Princeton : |b Princeton University Press, |c 2002 | ||
| 300 | |a vi, 408 σ.; |c 24 εκ. | ||
| 490 | 1 | |a The Ethikon series in comparative ethics | |
| 504 | |a Ευρετήριο: σ. [401]-408 | ||
| 650 | 0 | 0 | |a Civil society. |
| 650 | 0 | 0 | |a State, The. |
| 700 | 1 | |a Rosenblum, Nancy L. |d 1947- |4 edt | |
| 700 | 1 | |a Post, Robert |d 1947- |4 edt | |
| 830 | 0 | |a The Ethikon series in comparative ethics | |
| 852 | |a INST |b LESVOS |e 20080218 |h 301 CIV |p 005100040673 |q 005100040673 |t BK |y 0 | ||
| 901 | |a BIBL1-2008-1 | ||
| 909 | |a Λ |b 145644 | ||
| 922 | |a 1ΕΛΗ |b 200801 |c ΕΠΕΑΕΚ2/ΤΠ |d ΕΛΕΥΘΕΡΟΥΔΑΚΗΣ | ||
| 970 | |a ΧΑΤΖΗΜΙΧΑΗΛ |b ΜΑΡΙΑ |z 2008/02/18 | ||